|
|
|
|
| LEADER |
00980nam a2200265 a 4500 |
| 001 |
48533276 |
| 008 |
110714s2002 maua b 001 0 eng |
| 020 |
|
|
|a 0631228349 (PBK.) :
|
| 020 |
|
|
|a 0631228330
|
| 040 |
|
|
|a UKM
|c UKM
|d YWM
|d NGU
|d TXA
|d EQF
|d OrLoB-B
|d BD-DhAAL
|
| 082 |
0 |
4 |
|a 170
|2 21
|
| 245 |
0 |
0 |
|a Ethics in practice :
|b an anthology /
|c edited by Hugh LaFollette.
|
| 250 |
|
|
|a 2nd ed.
|
| 260 |
|
|
|a Malden, Mass. ;
|a Oxford :
|b Blackwell,
|c 2002.
|
| 300 |
|
|
|a xiv, 680 p. :
|b ill. ;
|c 25 cm.
|
| 490 |
0 |
|
|a Blackwell philosophy anthologies ;
|v 3.
|
| 500 |
|
|
|a Previous ed.: 1997.
|
| 504 |
|
|
|a Includes bibliographical references and index.
|
| 541 |
|
|
|e 00015069
|
| 650 |
|
0 |
|a Applied ethics.
|
| 650 |
|
0 |
|a Ethical problems.
|
| 700 |
1 |
|
|a LaFollette, Hugh,
|d 1948-
|
| 852 |
1 |
|
|a Ayesha Abed Library
|c General Shelf.
|
| 999 |
|
|
|c 11070
|d 11070
|
| 952 |
|
|
|0 0
|1 0
|2 ddc
|4 0
|6 170_ETH
|7 0
|9 17440
|a BRACUL
|b BRACUL
|c GEN
|d 2011-07-14
|l 4
|o 170 ETH
|p 3010015069
|r 2012-01-09
|s 2012-01-09
|t 1
|w 2011-07-14
|y BK
|